000 002940000a22000970004500
100 1 _aCopan, Paul
245 1 0 _aAugustine and the scandal of the North African catholic mind
300 _aVol. 41, Num 2 (Junio, 1998), Páginas 287-296
773 0 _tJournal of the Theological Society
942 _cANA
999 _c54580
_d54580